000 01064nam a22002417a 4500
999 _c1692
_d1692
003 AR-CdUCM
008 190227b ||||| |||| 00| 0 spa d
040 _aMUNICIPALIDAD PROVINCIAL DEL CUSCO
_cBIBLIOTECA MUNICIPAL DEL CUSCO
041 _hita
082 _a086 /
_bB34
100 _aBecatti, Giovanni
_96262
245 _aEl arte romano /
_cGiovanni Becatti
260 _aMéxico, D.F :
_bUnión tipográfica editorial hispano americana,
_c1964.
300 _a156 paginas ;
_b40 Láminas.
_c17 cm.
505 _aCorriente artística que se encuentran en Roma durante el periodo de los reyes y el de la república: la formación del arte romano -- El periodo de Sila y Cesar: el eclecticismo y la definición de un lenguaje artístico romano -- El clasicismo del periodo de Augusto y del de Julio y Claudio ...
650 _aArte Romano
_96263
650 _aHistórico y Arqueológico
_96264
650 _aCorriente artística
_96265
650 _aClasicismo
_96266
700 _aHerrera Z. Tarsicio
_96267
942 _2ddc
_cLIBROS
945 _aacv
_d2019-02-27